| 000 | 00604aam a2200253 4500 | ||
|---|---|---|---|
| 005 | 20250618103815.0 | ||
| 008 | 150519b xxu||||| |||| 00| 0 spa d | ||
| 020 | _a9580458324 | ||
| 041 | _aESP | ||
| 082 | _aCO 863 G216m | ||
| 100 |
_aGarcía Márquez, Gabriel _93407 |
||
| 245 | _aLa mala hora | ||
| 260 | _aColombia | ||
| 260 | _bGrupo Editorial Norma | ||
| 260 | _c1996 | ||
| 300 | _a200 páginas | ||
| 490 | _aTemática General | ||
| 650 | _aNOVELA COLOMBIANA | ||
| 650 | _aLITERATURA COLOMBIANA | ||
| 650 | _aPODER | ||
| 650 | _aCORRUPCIÓN | ||
| 650 | _aMORAL | ||
| 942 |
_cLIT _2ddc |
||
| 999 |
_c5706 _d5706 |
||